Manual de Aguas para usos Industriales/ (Record no. 33890)

MARC details
000 -LEADER
fixed length control field 00988nam a22002897a 4500
005 - DATE AND TIME OF LATEST TRANSACTION
control field 20150124123916.0
008 - FIXED-LENGTH DATA ELEMENTS--GENERAL INFORMATION
fixed length control field 121017t mx||||| |||| 00| 0 spa d
020 ## - INTERNATIONAL STANDARD BOOK NUMBER
International Standard Book Number 9681804953 (E.O.)
020 ## - INTERNATIONAL STANDARD BOOK NUMBER
International Standard Book Number 9681823915 (E.C)
020 ## - INTERNATIONAL STANDARD BOOK NUMBER
International Standard Book Number 9681823877 (V.1)
020 ## - INTERNATIONAL STANDARD BOOK NUMBER
International Standard Book Number 9681823885 (V.2)
020 ## - INTERNATIONAL STANDARD BOOK NUMBER
International Standard Book Number 9681823893 (V.3)
020 ## - INTERNATIONAL STANDARD BOOK NUMBER
International Standard Book Number 9681823907 (V.4)
050 04 - LIBRARY OF CONGRESS CALL NUMBER
Classification number TD353
Item number M36 1988
100 1# - MAIN ENTRY--PERSONAL NAME
Personal name Powell, Sheppard T.
245 1# - TITLE STATEMENT
Title Manual de Aguas para usos Industriales/
Statement of responsibility, etc Sheppard T. Powell; tr. Salvador Ayanegui J.; rev. tec. Nicolás Marino Ambrossi
250 ## - EDITION STATEMENT
Edition statement 1a ed.
260 ## - PUBLICATION, DISTRIBUTION, ETC. (IMPRINT)
Place of publication, distribution, etc México:
Name of publisher, distributor, etc Ediciones Ciencia y Técnica,
Date of publication, distribution, etc r1988
300 ## - PHYSICAL DESCRIPTION
Extent v.:
Other physical details ill.;
Dimensions 23 cm.
500 ## - GENERAL NOTE
General note Traducción de: Water Conditioning for Industry
504 ## - BIBLIOGRAPHY, ETC. NOTE
Bibliography, etc Incluye bibliografía
650 #7 - SUBJECT ADDED ENTRY--TOPICAL TERM
Source of heading or term LEMB
Topical term or geographic name as entry element Agua-Manual
Form subdivision Conservación
650 #7 - SUBJECT ADDED ENTRY--TOPICAL TERM
Source of heading or term LEMB
Topical term or geographic name as entry element Agua
General subdivision Abastecimieno Industrial
700 1# - ADDED ENTRY--PERSONAL NAME
Personal name Ayanegui J., Salvador; tr.
700 1# - ADDED ENTRY--PERSONAL NAME
Personal name Marino Ambrossi, Nicolás; rev. tec.
942 ## - ADDED ENTRY ELEMENTS (KOHA)
Source of classification or shelving scheme Clasificación Decimal Dewey
Koha item type Libro
Holdings
Estado de pérdida Fuente de clasificación Estado del daño No para préstamo Ubicación permanente Ubicación actual Apartado o colección Fecha de adquisición Enumeración de Serie / Cronológica Área del conocimiento Clasificación Código de Barras Date last seen Número de copia Tipo de recurso
  Biblioteca del Cogreso de los Estados Unidos     Biblioteca de la Unidad de Ciencias Ingeniería y Humanidades Biblioteca de la Unidad de Ciencias Ingeniería y Humanidades Consulta 17/10/2012 BCU000012075   TD353 M36 1988 V.1 BCU000012075 16/01/2015 1 Libro
  Biblioteca del Cogreso de los Estados Unidos     Biblioteca de la Unidad de Ciencias Ingeniería y Humanidades Biblioteca de la Unidad de Ciencias Ingeniería y Humanidades Consulta 17/10/2012 BCU000012076   TD353 M36 1992 V.2 BCU000012076 16/01/2015 1 Libro
  Biblioteca del Cogreso de los Estados Unidos     Biblioteca de la Unidad de Ciencias Ingeniería y Humanidades Biblioteca de la Unidad de Ciencias Ingeniería y Humanidades Consulta 17/10/2012 BCU000012077   TD353 M36 1992 V.3 BCU000012077 16/01/2015 1 Libro
  Biblioteca del Cogreso de los Estados Unidos     Biblioteca de la Unidad de Ciencias Ingeniería y Humanidades Biblioteca de la Unidad de Ciencias Ingeniería y Humanidades Consulta 17/10/2012 BCU000012078   TD353 M36 1992 V.4 BCU000012078 16/01/2015 1 Libro